Popularne polskie piosenki w tym tygodniu. 11-17.12 Spotify - Statystyki

Ogólne statystyki
  • Ten quiz został rozwiązany 9 razy
  • Średni wynik to 18 z 30
Statystyki odpowiedzi
Artysta Odsłuchania Utwór % Poprawnych
Wiatr, Sobel, Be Vis 523K Testarossa
100%
Reto 459K Billy Kid
89%
Quebonafide, Daria Zawiałow 418K BUBBLETEA
89%
Żabson, Young Leosia, Beteo, Borucci 318K ULALA
89%
Guzior 906K BLUEBERRY
78%
Sobel 384K Impreza
78%
Żabson, Mata 292K Aromatyczne Przyprawy
67%
Guzior, Kukon 333K BOILER ROOM
67%
Białas, Mata 251K Drift
67%
Alberto 324K Dwutakt
67%
Taco Hemingway, Bedoes 250K Europa
67%
Guzior, Oskar83 824K FALA
67%
Favst, Gibbs, Kukon 290K halo
67%
chillwagon 340K jeden jeden
67%
Kabe 404K Nad ranem
67%
Taco Hemingway 344K Polskie Tango
67%
Sanah 239K Szampan
67%
Guzior 578K TRAPSTAR
67%
Mata, Wyguś, Szczepan, Adam 286K GOMBAO 33
56%
Wac Toja 267K Kapitan
56%
Guzior 364K KUSHKOMA
56%
Pezet, Kayah 301K Nisko jest niebo
56%
Mata 261K Schodki
56%
Bedoes, Lanek 248K VOGUE
56%
Kali, Major SPZ, Kabe, Żabson 295K 6 6 6
44%
SB Maffija 236K A nie pamiętasz jak?
44%
Bedoes, Lanek 249K Rewolucja Romantyczna
44%
Szpaku, Zdechły Osa 315K Zły
44%
Margaret, The Voice Of Poland 2015 Finalists 292K Coraz bliżej święta
0%
Maciej Zieliński, De Su 260K Kto Wie?
0%
Nie znaleziono quizów pasujących do podanych kryteriów
Rozkład punktacji
Procent ludzi z każdym wynikiem
Percentyl według liczby udzielonych odpowiedzi
Twoja historia wyników
Nie rozwiązałeś tego quizu